1688 1517 1647 1174 1220 1673 1823 1623 1560 1586 1136 1482 1683 1612 1851 1302 1587 1570 1332 1255 1749 1504 1205 1214 1046 1268 1108 1337 1203 1792 1949 1593 1913 1768 1907 1798 1950 1227 1429 1920 1243 1658 1937 1144 1944 1194 1029 1426 1950 1188 1216 1512 1287 1320 1182 1192 1427 1778 1845 1504 1858 1680 1484 1830 1300 1289 1003 1682 1540 1007 1241 1147 1049 1031 1846 1682 1233 1590 1468 1151 1438 1284 1241 1732 1969 1503 1940 1877 1576 1883 1444 1124 1926 1395 1135 1162 1987 1013 1413 BCNSPRNW ULIB Ver.6.0+V

เปลี่ยนเป็นภาษาไทย

Change to English
 แสดงรายละเอียดบรรณานุกรม
  กลับหน้าหลัก

Brief Record : Get Marc (ISO 2709) : E-mail record : QR code < ปิดหน้าต่าง
LEADER : 00000nam 2200000uu 4500
001    13399122911
003     ULIB
008    131029s2013||||th 000 0 eng d
020    ^a9781437727760 (pbk. : alk. paper)
060 04 ^aWY100.1^bA385c 2013
100 1  ^aAlfaro-LeFevre, Rosalinda
245 10 ^aCritical thinking, clinical reasoning, and clinical judgment :^ba practical approach /cRosalinda Alfaro- LeFevre
250    ^a5th ed.
260    ^aSt. Louis, MO :^bSaunders/Elsevier,^c2013
300    ^axxiii, 311 p. :^bill. ;^c30 cm
504    ^aIncludes bibliographical reference
505 0  ^aWhat are critical thinking, clinical reasoning, and clinical judgment? -- How to develop critical thinking -- Clinical reasoning and clinical judgment -- Ethical reasoning, evidence-based practice, teaching others, teaching ourselves, and test-taking -- Practicing clinical reasoning skills : applying nursing process -- Developing interpersonal, teamwork, and self-management skills.
520    ^aWhat''''''''s behind every healed patient? Critical thinking! Critical Thinking, Clinical Reasoning, and Clinical Judgment: A Practical Approach, 5th Edition, provides the tools you need to become a safe, competent nurse. Using a inspiring, insightful, "how-to" approach, this book helps you develop critical thinking, clinical reasoning, and test-taking skills in preparation for the NCLEX&^174; Examination and, even more importantly, apply criticalthinking and clinical reasoning to nursing practice.Critical thinking and clinical reasoning strategies cometo life through the use of real-life scenarios anddecision-making tools, all supported with evidence for whythe strategies work. Expert author Rosalinda Alfaro-LeFevre makes the concepts of critical thinking andclinical reasoning come alive, so you can start thinkinglike a nurse and learn essential critical thinking andclinical judgment reasoning skills for nursing practice. -Publisher.
650  2 ^aDecision Making
650  2 ^aNursing Process
650  2 ^aClinical Competence
650  2 ^aJudgment
945    ^p52^l0^i034129
999    ^aเกษร โพธิ์สุวรรณ
รายการนี้ยังไม่มีแท็ก
คุณยังไม่ได้ล็อกอิน คุณสามารถมีกิจกรรมร่วมกับเว็บไซต์ได้ แต่ต้องล็อกอินก่อน ::
  ล็อกอิน

รายการสื่อสารสนเทศ

ลำดับที่ ประเภท เลขเรียก/บาร์โค้ด สถานที่ สถานะ
1. Book การพยาบาล
Book การพยาบาล
WY100.1 A385c 2013  
  Barcode: 034129
ห้องสมุดวิทยาเขตสวรรค์ประชารักษ์
►หนังสือทั่วไป
บนชั้น

รายการใกล้เคียง
    ผู้แต่ง [Alfaro-LeFevre, Rosalinda]

    หัวเรื่อง [Decision Making]
    หัวเรื่อง [Nursing Process]
    หัวเรื่อง [Clinical Competence]
    หัวเรื่อง [Judgment]

BibComment


ยังไม่เคยถูกคอมเมนท์

คอมเมนท์ทรัพยากรรายการนี้
  คอมเมนท์: Critical thinkin..


 Copyright 2026. Bcnsprnw @Library